000
00313nam a2200121 a 4500
005
20140513081053.0
008
031023s19uu xx 00 eng d
050
_a
P
_b
SIG 2002
245
_a
Signs and symbols in Music.
260
_b
Cebu Green Emerald,
_c
2002.
650
_a
Musical Notes--Poster
999
_c
116417
_d
116417